| 000 | 00489nam a2200157 i 4500 | ||
|---|---|---|---|
| 001 | 22506 | ||
| 003 | ES-MaACL | ||
| 005 | 20230906152717.0 | ||
| 007 | t| | ||
| 008 | 021203s1951 sp ||||1| spa d | ||
| 100 | 1 |
_aAlmela i Vives, Francesc. _920131 |
|
| 245 | 1 | 3 |
_aLa literatura en Valencia durante la primera mitad del siglo XX / _cFrancisco Almela y Vives. |
| 260 |
_aValencia : _b[s.n., _c1951] ( _fTip. Moderna) |
||
| 300 |
_a31 p. ; _c15 cm. |
||
| 852 |
_aES-MaACL _j1921-F-16 _bR.30923 |
||
| 999 |
_c22506 _d22506 |
||